000 00849nam a22002297a 4500
999 _c22122
_d22122
003 AR-CdUCM
008 190425b ||||| |||| 00| 0 spa d
040 _aMUNICIPALIDAD PROVINCIAL DEL CUSCO
_cBIBLIOTECA MUNICIPAL DEL CUSCO
082 _aSalesiano/N°1/2005
110 _aColegio Salesiano Cusco
_947483
245 _aRevista Centenaria :
_b1905-2005 /
_cColegio Salesianos Cusco
260 _aCusco.
_bNorma,
_c2005.
300 _a102 páginas. :
_bilustraciones ;
_c30 cm.
440 _aRevista Colegio Salesiano.
_nCentenario,1905-2005
_947486
505 _aContenido: Revista conmemorativa a los 100 años del colegio Salesianos de Cusco.
650 _aHistoria del Cusco
_91714
650 _aColegios del Cusco
_924467
650 _aHistoria institucional
_947480
650 _aSalesianos Cusco
_947485
942 _2ddc
_cPP
945 _arac